Médailles françaises au JO de Paris 2024 - Statistiques

Statistiques générales
  • Ce quiz a été pris 19 fois
  • Le résultat moyen est 44 sur 128
Statistiques - réponses
Hint Athlète
Discipline
% Correct
Bronze Shirine Boukli
80%
Judo F -48kg
70%
Judo H -60kg
60%
BMX Racing H
50%
BMX Racing H
50%
BMX Racing H
50%
Or Cassandre Beaugrand
50%
Or Clarisse Agbégnénou, Shirine Boukli, Amandine Buchard, Sarah-Léonie Cysique, Romane Dicko, Aurélien Diesse, Alpha Djalo, Joan-Benjamin Gaba, Marie-Eve Gahié, Walide Khyar, Madeleine Malonga, Luka Mkheidze, Maxime-Gaël Ngayap Hambou, Teddy Riner
50%
Épée F
50%
Épée H
50%
Football H
50%
Or Jean-Pascal Barraque, Antoine Dupont, Théo Forner, Aaron Grandidier Nkanang, Jefferson Lee Joseph, Stephen Parez-Edo Martin, Varian Pasquet, Rayan Rebbadj, Paulin Riva, Jordan Sepho, Andy Timo, Antoine Zeghdar, Nelson Epée, William Iraguha
50%
Judo F -52kg
50%
Judo F -57kg
50%
Judo F +78kg
50%
Judo H +100kg
50%
Judo H -73kg
50%
Judo par équipe mixte
50%
Argent Luka Mkheidze
50%
Rugby à 7 H
50%
Sabre F
50%
Sabre F
50%
Or Teddy Riner
50%
Triathlon F
50%
Triathlon H
50%
100m haie
40%
Or Althéa Laurin
40%
Bronze Amandine Buchard
40%
Argent Anastasiia Kirpichnikova
40%
Argent Andrew Albicy, Nicolas Batum, Isaïa Cordinier, Bilal Coulibaly, Nando De Colo, Evan Fournier, Rudy Gobert, Mathias Lessort, Frank Ntilikina, Matthew Strazel, Victor Wembanyama, Guerschon Yabusele
40%
Or Antoine Brizard, Barthélémy Chinenyeze, Trévor Clévenot, Théo Faure, Jenia Grebennikov, Quentin Jouffroy, Nicolas Le Goff, Yacine Louati, Earvin Ngapeth, Jean Patry, Kévin Tillie, Benjamin Toniutti, Timothée Carle
40%
Argent Auriane Mallo-Breton
40%
Basketball 3x3 H
40%
Basketball F
40%
Basketball H
40%
Or Benjamin Thomas
40%
Bronze Christophe Laporte
40%
Cyclisme sur route H
40%
Cyclisme sur route H
40%
Argent Elodie Clouvel
40%
Épée par équipe F
40%
Handball F
40%
Argent Joan-Benjamin Gaba
40%
Bronze Johanne Defay
40%
Or Joris Daudet
40%
Judo F -63kg
40%
Judo H -90kg
40%
Or Kauli Vaast
40%
Bronze Léo Bergère
40%
Or Léon Marchand
40%
Or Léon Marchand
40%
Or Léon Marchand
40%
Or Léon Marchand
40%
Argent Maghnes Akliouche, Adrien Truffert, Alexandre Lacazette, Andy Diouf, Arnaud Kalimuendo, Bradley Locko, Castello Lukeba, Chrislain Matsima, Désiré Doué, Enzo Millot, Guillaume Restes, Jean-Philippe Mateta, Joris Chotard, Kiliann Sildillia, Loïc Badé, Manu Koné, Michael Olise, Obed Nkambadio, Rayan Cherki, Soungoutou Magassa, Théo De Percin, Johann Lepenant
40%
Or Manon Apithy-Brunet
40%
Omnium H
40%
Or Pauline Ferrand-Prévot
40%
Pentathlon moderne F
40%
Bronze Romain Mahieu
40%
Bronze Romane Dicko
40%
Argent Sara Balzer
40%
Bronze Sarah-Léonie Cysique
40%
Surf F
40%
Surf H
40%
Taekwondo F +68kg
40%
Argent Valentin Madouas
40%
Volleyball H
40%
VTT F
40%
Argent Yannick Borel
40%
200m brasse H
30%
200m papillon H
30%
Argent Billal Bennama
30%
Boxe H -51kg
30%
Boxe H -63.5kg
30%
Boxe H +92kg
30%
Bronze Clarisse Agbégnénou
30%
Argent Cyréna Samba-Mayela
30%
Bronze Enzo Lefort, Julien Mertine, Maximilien Chastanet, Maxime Pauty
30%
Équitation concours complet par équipes mixte
30%
Fleuret par équipe H
30%
Bronze Florent Manaudou
30%
Argent Jean-Charles Valladont, Thomas Chirault, Baptiste Addis
30%
Bronze Lisa Barbelin
30%
Argent Marie-Florence Candassamy, Auriane Mallo-Breton, Coraline Vitalis, Alexandra Louis-Marie
30%
Bronze Maxime-Gaël Ngayap Hambou
30%
Or Nicolas Gestin
30%
Sabre par équipe H
30%
Argent Sarah Bouktit, Cléopâtre Darleux, Laura Flippes, Pauletta Foppa, Laura Glauser, Léna Grandveau, Tamara Horacek, Orlane Kanor, Coralie Lassource, Méline Nocandy, Estelle Nze Minko, Oriane Ondono, Hatadou Sako, Alicia Toublanc, Chloé Valentini, Grace Zaadi, Lucie Granier
30%
slalom C1 H
30%
Argent Sofiane Oumiha
30%
Argent Stéphane Landois, Nicolas Touzaint, Karim Laghouag
30%
Argent Sylvain André
30%
Tir à l'arc F
30%
Tir à l'arc par équipe H
30%
Argent Valériane Akayi, Mairème Badiane, Romane Bernies, Sarah Michel Boury, Alexia Chery, Marine Fauthoux, Marine Johannès, Leïla Lacan, Dominique Malonga, Iliana Rupert, Janelle Salaün, Gabby Williams
30%
1500m nage libre F
20%
200m 4 nages H
20%
400m 4 nages H
20%
50m nage libre H
20%
Argent Angèle Hug
20%
Bronze Anthony Jeanjean
20%
Argent B-boy Dany Dann
20%
BMX Freestyle H
20%
Breakdance H
20%
Bronze Charline Picon, Sarah Steyaert
20%
Bronze Cyrian Ravet
20%
Bronze Djamili-Dini Aboudou Moindze
20%
Bronze Félix Lebrun
20%
Bronze Félix Lebrun, Simon Gauzy, Alexis Lebrun
20%
Argent Lauriane Nolot
20%
Argent Lucas Dussoulier, Franck Séguéla, Timothé Vergiat, Jules Rambaut
20%
Bronze Maxime Grousset, Léon Marchand, Yohann Ndoye Brouard, Florent Manaudou
20%
Bronze Sébastien Patrice, Jean-Philippe Patrice, Boladé Apithy, Maxime Pianfetti
20%
slalom K1 H
20%
Taekwondo H -58kg
20%
Tennis de table H
20%
Tennis de table par équipe H
20%
Tir au pistolet 25 m F
20%
Argent Titouan Castryck
20%
Argent Victor Koretzky
20%
Voile 49er FX F
20%
VTT H
20%
4x100m 4 nages H
10%
Argent Camille Jedrzejewski
10%
Équitation saut d'obstacles par équipes mixte
10%
Kayak-cross F
10%
Bronze Simon Delestre, Julien Epaillard, Olivier Perreau
10%
Kitefoil F
0%
Aucun quiz correspondant
Distribution des résultats
% des personnes avec chaque résultat
Percentile par nombre de réponses
Votre historique - résultats
Vous n’avez pas pris ce quiz